00597cam a2200193 a 450000100100000000500170001000800410002701000130006802000150008104000300009608200170012610000340014324500440017726000800022130000250030165100310032665000230035765000230038000001911420200929165927.0871016s1944 xxu 000 1 eng  a87028334 a0192817752 aDO-SdBNPcDLCdDLCdBNPHU a828.8bD548p1 aDickens, Charles,d1812-1870.14aThe Pickwick papers /cCharles Dickens. aNew York :bInternational Colector´s Library American Headquarters,c1944. axv, 687 p. ;c19 cm. 4aEscritos VariosxFicción 4aHistorias de humor 4aLiteratura inglesa